000 00403 a2200145 4500
020 _a9780070616684
040 _aDLC
_bDLC
082 _a621.3822 HAY
100 _aHayes, M. H
245 _aDigital Signal Processing
_cM H Hayes
260 _aNew Delhi
_bTata McGraw-Hill Publishing
_c2008
500 _aIncludes Index
650 _aSignal processing--Digital techniques.
942 _cBK
_k621.3822 HAY
_2ddc
999 _c9713
_d9713